My Way - Fetty Wap feat. Monty (Full lyrics) - Statistics

General Stats
  • This quiz has been taken 5 times
  • The average score is 243 of 427
Answer Stats
Lyrics % Correct
Baby,
100%
baby
100%
baby,
100%
B-Baby,
100%
B-B-Baby,
100%
come
100%
go
100%
my
100%
way?
100%
way
100%
won't
100%
you
100%
you,
100%
a
75%
ain't
75%
even
75%
ever
75%
ex,
75%
Flexin'
75%
glow
75%
Got
75%
got
75%
had
75%
He
75%
he
75%
I
75%
in
75%
it
75%
know
75%
no
75%
Oh,
75%
on
75%
on,
75%
out
75%
say
75%
something
75%
spotted
75%
take
75%
Take
75%
that
75%
The
75%
the
75%
to
75%
want
75%
want?
75%
what
75%
when
75%
your
75%
All
50%
all
50%
ayy
50%
barely
50%
be,
50%
big
50%
Big
50%
by
50%
can
50%
dreams,
50%
first
50%
gonna
50%
her
50%
hoes
50%
house
50%
if
50%
If
50%
I'm
50%
I'ma
50%
is
50%
it's
50%
left
50%
me
50%
me,
50%
Me
50%
money,
50%
Never
50%
off
50%
put
50%
sayin'
50%
she
50%
sing,
50%
start
50%
they
50%
this,
50%
this
50%
'til
50%
too
50%
Zoo
50%
ZooWap
50%
17,
25%
200
25%
And
25%
and
25%
arm,
25%
as
25%
ass
25%
baddest
25%
bitch,
25%
blink,
25%
boo
25%
brain
25%
bread,
25%
But
25%
Cannot
25%
can't
25%
cared
25%
cash
25%
'cause
25%
'Cause,
25%
chase
25%
could
25%
Countin'
25%
cut
25%
dare
25%
deep
25%
didn't
25%
disrespect,
25%
Do
25%
don't
25%
dough
25%
drought
25%
dumb
25%
feds
25%
for
25%
fuck
25%
fuck,
25%
girl,
25%
goin'
25%
head
25%
headshots
25%
hell
25%
highway
25%
his
25%
How
25%
i8
25%
ice
25%
jeans
25%
keep
25%
knots
25%
last
25%
like,
25%
like
25%
looking
25%
mad
25%
make
25%
mansion
25%
might
25%
mine
25%
miss,
25%
morn'
25%
mouth,
25%
moving
25%
nigga
25%
niggas
25%
night
25%
pockets
25%
pockets,
25%
pull
25%
really
25%
rock
25%
roof
25%
run
25%
scream
25%
see?
25%
sex
25%
shit's
25%
shoot,
25%
shots
25%
should
25%
single
25%
sink,
25%
state
25%
stay
25%
sue
25%
swear
25%
swervin'
25%
talk
25%
these
25%
think
25%
think,
25%
through
25%
traffic
25%
trappin'
25%
tri-
25%
Try
25%
turnin'
25%
turnt,
25%
two
25%
up,
25%
up
25%
Watch
25%
Well,
25%
where
25%
While
25%
No matching quizzes found
Score Distribution
Percent of People with Each Score
Percentile by Number Answered
Your Score History
You have not taken this quiz